| 000 | 00395nam a22001577a 4500 | ||
|---|---|---|---|
| 003 | NUST - PNEC | ||
| 005 | 20170116181125.0 | ||
| 008 | 151005b xxu||||| |||| 00| 0 eng d | ||
| 040 | _cLIBRARY | ||
| 082 | _a923.154 AHM | ||
| 100 |
_913657 _aAhmad, Jamil-ud-din |
||
| 245 |
_aGlimpses of Quaid-e-Azam _cAhmad, Jamil-ud-din |
||
| 260 | _cc.19060 | ||
| 651 | _xGeneral book | ||
| 942 |
_2ddc _cBK |
||
| 999 |
_c69725 _d69725 |
||